000 00702nam a2200193Ia 4500
003 GCL
008 140319s9999 xx 000 0 ara d
040 _aGCL /
_cGCL
082 0 4 _a811.009
_bع م
100 1 _aعبدالكريم حسن
245 1 0 _aمن البنية السطحية الى البنية العميقة: الحرب والسلام وشعرنا الحديث /
_cعبدالكريم حسن
300 _a190 ص
490 _aالهيئة العامة للاستعلامات
_v0
650 0 4 _aالادب العربى
650 0 4 _aالادب
650 0 4 _aالشعر العربى - تاريخ ونقد
650 0 4 _aالشعر العربى - العصر الحديث
942 _2ddc
_cBK
999 _c50090
_d50090